Biblioteca "Ernesto Sabato"
Facultad de Derecho y Ciencias Sociales
Facultad de Lenguas
Universidad Nacional del Comahue

El Bernardo (Record no. 21374)

MARC details
000 -CABECERA
campo de control de longitud fija 00489caa a22001572a 4500
001 - NÚMERO DE CONTROL
campo de control 015616
003 - IDENTIFICADOR DEL NÚMERO DE CONTROL
campo de control AR-FADEU
008 - DATOS DE LONGITUD FIJA--INFORMACIÓN GENERAL
campo de control de longitud fija 311216n########xxu####################dd
092 ## - ASIGNACIÓN LOCAL DE SIGNATURA TOPOGRÁFICA DEWEY (OCLC)
Número de clasificación 861.3
Número de documento/Ítem P745pe
100 ## - ENTRADA PRINCIPAL--NOMBRE DE PERSONA
Nombre de persona Balbuena, Bernardo de
245 ## - MENCIÓN DE TÍTULO
Título El Bernardo
300 ## - DESCRIPCIÓN FÍSICA
Extensión PP. 79-110
500 ## - NOTA GENERAL
Nota general En: Poesía épica de la edad de oro / Zaragoza : Ebro, 1961
773 0# - ENLACE AL DOCUMENTO FUENTE/ENTRADA DE REGISTRO ANFITRIÓN
Número bibliográfico anfitrión 21372
Número de ítem anfitrión 21088
Encabezamiento principal
Edición 2a. ed
Lugar, editor y fecha de publicación Zaragoza
Otro identificador del documento 8374
Título POESIA épica de la edad de oro
Número de control del registro ( AR-FADEU) 015614
Número Internacional Normalizado para Publicaciones Seriadas
Número Internacional Estándar del Libro
942 ## - ELEMENTOS DE PUNTO DE ACCESO ADICIONAL (KOHA)
Tipo de ítem Koha BDGR

No items available.

Facultad de Derecho y Ciencias Sociales | Universidad Nacional del Comahue | Mendoza y Perú General Roca | Río Negro CP (8332) | Patagonia Argentina | Teléfono: 54-0298-4433670 | | Fax: 0298-4432093 | Fax alumnos: 0298-4435700